000 00409nam a2200181Ia 4500
005 20250603144822.0
008 250603s9999 xx 000 0 und d
020 _a155563009x
050 _aTN 281 .D75/
100 _aAldrich, Charles S.
245 0 _aDrilling
260 _aTexas
260 _bSociety of Petroleum Engineers
260 _c1987
300 _a348 p
650 _aTexas
942 _cBK
999 _c40044
_d40044